000 00597nam a2200253Ia 4500
005 20260121155811.0
008 008 260114s9999 xx 000 0 eng d
020 _a9780429290381
037 _aEBOOK
040 _aCRL
040 _beng
040 _cCRL
041 _2eng
041 _aeng
084 _qCRL
100 _a Joe Piggin
_91023994
245 4 _aThe Politics of Physical Activity
260 _bTaylor and Francis
260 _c2019
856 _uhttp://www.taylorfrancis.com/books/9780429290381
942 _cEBOOK
999 _c1590813
_d1590813